Culture Générale - Série 2664 - Statistiques

Statistiques générales
  • Ce quiz a été pris 93 fois
  • Le résultat moyen est 6 sur 10
Statistiques - réponses
Question Réponse % Correct
Quelle saga a rendu Daniel Radcliffe mondialement célèbre ? voir photo Harry Potter
98%
Quel cocktail rendu célèbre par Ernest Hemingway est réalisé avec du rhum, du sucre, du citron vert et de la menthe ? mojito
77%
Livre de magie comprenant habituellement des instructions sur la façon de lancer des sorts, créer des enchantements, se livrer à la divination, fabriquer des objets magiques tels que les talismans et les amulettes ou encore invoquer des entités surnaturelles : anges, démons, esprits ou divinités. grimoire
71%
Comment appelle-t-on la boisson composée de bière et de limonade ? panaché
66%
Quel est le nom du grain de beauté factice très à la mode à l’époque de Louis XIII ? mouche
63%
Dans quel département français produit-on le vin jaune ? Jura
60%
Quel personnage de BD, Jean Dujardin a-t-il incarné au cinéma ? Lucky Luke
55%
Comment appelle-t-on la femelle du lièvre ? hase
53%
Quelle est la capitale de l'état des Etats Unis "New York" qui ne doit pas être confondu avec la ville du même nom ? Albany
26%
Quelle est la capitale de l'état des Etats Unis Dakota du Sud ? Pierre
13%
Aucun quiz correspondant
Distribution des résultats
% des personnes avec chaque résultat
Percentile par nombre de réponses
Votre historique - résultats
Vous n’avez pas pris ce quiz